000 00873cam a2200253 a 4500
001 12179339
003 ARRUPE
005 20151028123956.0
008 000920s2001 nyu 000 1 eng
010 _a 00048952
020 _a0060198133 (alk. paper)
040 _aDLC
_cDLC
_dDLC
043 _ae-fr---
050 0 0 _aPR6058.A68828
_bF5 2001
082 0 0 _a823/.914
_221
100 1 _aHarris, Joanne,
_d1964-
_920674
245 1 0 _aFive quarters of the orange /
_cJoanne Harris.
260 _aLondon
_bBlack Swan,
_cc2001.
300 _a362 p. ;
_c20 cm.
650 0 _aWorld War, 1939-1945
_zFrance
_vFiction.
_920675
906 _a7
_bcbc
_corignew
_d1
_eocip
_f20
_gy-gencatlg
942 _2lcc
_cMONOGRAPH
999 _c123658
_d123658